Pensar el presente : incertidumbre humana y riesgos globales /
Gorde:
| Beste egile batzuk: | |
|---|---|
| Formatua: | Baliabide elektronikoa eBook |
| Hizkuntza: | gaztelania |
| Argitaratua: |
Madrid:
Biblioteca Nueva,
2009.
|
| Saila: | Colección Razón y sociedad ;
72. |
| Gaiak: | |
| Sarrera elektronikoa: | Digitalia Hispánica |
| Etiketak: |
Etiketa erantsi
Etiketarik gabe, Izan zaitez lehena erregistro honi etiketa jartzen!
|
MARC
| LEADER | 00000nam a2200000Ii 4500 | ||
|---|---|---|---|
| 001 | DIGBN04472 | ||
| 003 | NyNyDIG | ||
| 006 | m o d | ||
| 007 | cr ||||||||||| | ||
| 008 | 100625s2009 sp o 000 0 spa d | ||
| 020 | |z 849742784x | ||
| 020 | |z 9788497427845 | ||
| 035 | |a (OCoLC)888260657 | ||
| 040 | |a DGITA |b eng |e pn |c DGITA | ||
| 050 | 0 | 4 | |a B828.3 eBook |
| 245 | 0 | 0 | |a Pensar el presente : |b incertidumbre humana y riesgos globales / |c eds., Remo Bodei...[et. al.]. |
| 264 | 1 | |a Madrid: |b Biblioteca Nueva, |c 2009. | |
| 300 | |a 1 online resource (183 pages) | ||
| 336 | |a text |b txt |2 rdacontent | ||
| 337 | |a computer |b c |2 rdamedia | ||
| 338 | |a online resource |b cr |2 rdacarrier | ||
| 490 | 1 | |a Colección razón y sociedad ; |v 72. | |
| 505 | 0 | |a Prólogo. Los desafíos de nuestro tiempo / Eugenio Moya -- 1. Pensar el futuro. Incertidumbre y complejidad / Remo Bodei -- 2. Humanización: incertidumbre y riesgo (hacia una antropología de la complejidad) / José Lorite Mena -- 3. Tecnociencia, riesgos e incertidumbres: las nanotecnologías como ejemplo / Javier Echeverría -- 4. Del estado soberano a la globalización del riesgo / Antonio Campillo -- 5. Representaciones tópicas de tecnología y juventud: implementación y gobierno de la identidad digital / Ángel J. Gordo -- 6. Internet y los nuevos valores culturales: el final del humanismo / Eugenio Moya. | |
| 650 | 0 | |a Philosophy, Modern. | |
| 655 | 0 | |a Electronic books. | |
| 700 | 1 | |a Bodei, Remo. | |
| 791 | 2 | |a Digitalia (Firm), |e distributor. | |
| 830 | 0 | |a Colección Razón y sociedad ; |v 72. | |
| 793 | 0 | |g Digitalia eBook Collection: |a Biblioteca Nueva | |
| 856 | 4 | 0 | |3 Digitalia Hispánica |u https://digitalia.unach.elogim.com/a/6277/ |
| 910 | |a Premium Collection: 2007-2012 | ||